01015nam a22002297a 45000010005000000030006000050050017000110080041000280200015000690400030000840820010001141000018001242450062001422500039002042600058002433000050003015050008003515200353003595210020007125210020007327000033007529793FISKH20260225141010.0260225b cb ||||| |||| 00| 0 eng d a0006511775 aFISKHbeng cFISKHdFISKH a551.5 aLaw , Felicia aSunshines /cBy Felicia Law : Illustrated by Jenny Thorne aFirst published in Dendilions 1976 aLondon : bWilliam Collins Sons and Co Ltd , c1976 . a32 pages : bcolor illustrations ; c21 cm .  aE  aSunshine is a simple and heartwarming children’s story. The book talks about sunshine and how it makes people feel happy and warm. It shows how sunshine helps plants grow, brightens the day, and brings joy to everyone. The story uses easy words and short sentences, which makes it perfect for young readers who are learning to read on their own.8 a200 bLexile 8 aE bRaz-Plus  aThorne , JennyeIllustrator